[Event "Grand Swiss "]
[Date "2025.09.08"]
[White "Zemlyanskii, Ivan"]
[Black "Ivic, Velimir"]
[WhiteElo "2586"]
[BlackElo "2630"]
[Round "5.5.47"]
[Result "1-0"]

1. e4 {[%clk 01:40:57] [%emt 00:00:02]} c5 {[%clk 01:40:49] [%emt 00:00:11]} 2.
Nf3 {[%clk 01:41:23] [%emt 00:00:05]} d6 {[%clk 01:40:59] [%emt 00:00:19]} 3. d4
{[%clk 01:41:50] [%emt 00:00:04]} cxd4 {[%clk 01:41:21] [%emt 00:00:07]} 4. Nxd4
{[%clk 01:42:17] [%emt 00:00:03]} Nf6 {[%clk 01:41:40] [%emt 00:00:10]} 5. Nc3
{[%clk 01:42:44] [%emt 00:00:04]} a6 {[%clk 01:42:01] [%emt 00:00:09]} 6. Be3
{[%clk 01:43:11] [%emt 00:00:03]} e5 {[%clk 01:40:16] [%emt 00:02:15]} 7. Nb3
{[%clk 01:43:37] [%emt 00:00:04]} Be6 {[%clk 01:40:34] [%emt 00:00:13]} 8. f3
{[%clk 01:44:04] [%emt 00:00:03]} Nbd7 {[%clk 01:40:43] [%emt 00:00:20]} 9. g4
{[%clk 01:44:08] [%emt 00:00:26]} Nb6 {[%clk 01:40:36] [%emt 00:00:36]} 10. Qd2
{[%clk 01:28:26] [%emt 00:16:13]} d5 {[%clk 01:33:47] [%emt 00:07:18]} 11. O-O-O
{[%clk 01:06:07] [%emt 00:22:49]} d4 {[%clk 01:30:11] [%emt 00:04:06]} 12. Nxd4
{[%clk 01:06:30] [%emt 00:00:07]} exd4 {[%clk 01:30:32] [%emt 00:00:09]} 13.
Bxd4 {[%clk 01:06:51] [%emt 00:00:09]} Qc7 {[%clk 01:07:51] [%emt 00:23:11]} 14.
Qe3 {[%clk 00:58:16] [%emt 00:09:05]} Nbd7 {[%clk 00:55:51] [%emt 00:12:30]} 15.
Nd5 {[%clk 00:53:22] [%emt 00:05:24]} Qc6 {[%clk 00:48:05] [%emt 00:08:17]} 16.
Nf4 {[%clk 00:46:26] [%emt 00:07:25]} Rc8 {[%clk 00:46:16] [%emt 00:02:19]} 17.
Bd3 {[%clk 00:44:02] [%emt 00:02:54]} Bc5 {[%clk 00:32:38] [%emt 00:14:08]} 18.
g5 {[%clk 00:34:57] [%emt 00:09:35]} Qa4 {[%clk 00:31:27] [%emt 00:01:41]} 19.
Bxc5 {[%clk 00:25:58] [%emt 00:09:29]} Nxc5 {[%clk 00:31:42] [%emt 00:00:14]}
20. gxf6 {[%clk 00:25:59] [%emt 00:00:30]} Qxa2 {[%clk 00:27:32] [%emt
00:04:40]} 21. Kd2 {[%clk 00:23:35] [%emt 00:02:54]} Qxb2 {[%clk 00:25:37] [%emt
00:02:26]} 22. fxg7 {[%clk 00:22:42] [%emt 00:01:22]} Qxg7 {[%clk 00:25:21]
[%emt 00:00:46]} 23. e5 {[%clk 00:21:49] [%emt 00:01:23]} Qf8 {[%clk 00:18:24]
[%emt 00:07:27]} 24. Rb1 {[%clk 00:15:31] [%emt 00:06:49]} Qe7 {[%clk 00:12:39]
[%emt 00:06:16]} 25. h4 {[%clk 00:12:54] [%emt 00:03:07]} b5 {[%clk 00:10:47]
[%emt 00:02:21]} 26. Nh5 {[%clk 00:11:30] [%emt 00:01:53]} Qd8 {[%clk 00:04:49]
[%emt 00:06:29]} 27. Rb4 {[%clk 00:06:46] [%emt 00:05:15]} Nxd3 {[%clk 00:03:02]
[%emt 00:02:17]} 28. cxd3 {[%clk 00:06:22] [%emt 00:00:53]} Qa5 {[%clk 00:01:36]
[%emt 00:01:56]} 29. Rhb1 {[%clk 00:05:22] [%emt 00:01:30]} Rc7 {[%clk 00:00:45]
[%emt 00:01:21]} 30. Qd4 {[%clk 00:04:29] [%emt 00:01:23]} f5 {[%clk 00:00:31]
[%emt 00:00:45]} 31. Ke3 {[%clk 00:03:33] [%emt 00:01:25]} Rc2 {[%clk 00:00:32]
[%emt 00:00:29]} 32. Ng7+ {[%clk 00:03:39] [%emt 00:00:23]} Kf7 {[%clk 00:00:44]
[%emt 00:00:19]} 33. Nxe6 {[%clk 00:04:00] [%emt 00:00:09]} f4+ {[%clk 00:00:32]
[%emt 00:00:42]} 34. Nxf4 {[%clk 00:03:56] [%emt 00:00:34]} 1-0

[Site "Europe Echecs"]

[Event "Grand Swiss "]
[Date "2025.09.08"]
[White "Sjugirov, Sanan"]
[Black "Jobava, Baadur"]
[WhiteElo "2627"]
[BlackElo "2590"]
[Round "5.5.48"]
[Result "1/2-1/2"]

1. e4 {[%clk 01:40:57] [%emt 00:00:02]} c5 {[%clk 01:40:33] [%emt 00:00:28]} 2.
Nf3 {[%clk 01:41:15] [%emt 00:00:12]} d6 {[%clk 01:40:48] [%emt 00:00:14]} 3.
Bb5+ {[%clk 01:39:53] [%emt 00:01:52]} Bd7 {[%clk 01:41:08] [%emt 00:00:10]} 4.
Bxd7+ {[%clk 01:38:03] [%emt 00:02:20]} Nxd7 {[%clk 01:41:29] [%emt 00:00:09]}
5. O-O {[%clk 01:36:26] [%emt 00:02:07]} Ngf6 {[%clk 01:41:41] [%emt 00:00:18]}
6. Qe2 {[%clk 01:36:10] [%emt 00:00:46]} e6 {[%clk 01:41:44] [%emt 00:00:27]} 7.
c4 {[%clk 01:29:27] [%emt 00:07:13]} Ne5 {[%clk 01:40:29] [%emt 00:01:46]} 8.
Nxe5 {[%clk 01:16:29] [%emt 00:13:27]} dxe5 {[%clk 01:35:29] [%emt 00:05:30]} 9.
d3 {[%clk 01:16:54] [%emt 00:00:05]} Nd7 {[%clk 01:34:27] [%emt 00:01:33]} 10.
f4 {[%clk 01:16:01] [%emt 00:01:23]} exf4 {[%clk 01:32:24] [%emt 00:02:33]} 11.
Bxf4 {[%clk 01:14:20] [%emt 00:02:11]} g5 {[%clk 01:22:40] [%emt 00:10:14]} 12.
Be3 {[%clk 01:03:00] [%emt 00:11:49]} Ne5 {[%clk 01:11:50] [%emt 00:11:20]} 13.
Nc3 {[%clk 01:01:27] [%emt 00:02:03]} Qxd3 {[%clk 01:02:42] [%emt 00:09:38]} 14.
Qxd3 {[%clk 00:46:14] [%emt 00:15:43]} Nxd3 {[%clk 01:03:06] [%emt 00:00:05]}
15. Nb5 {[%clk 00:46:41] [%emt 00:00:04]} Rc8 {[%clk 01:03:31] [%emt 00:00:06]}
16. Nxa7 {[%clk 00:46:01] [%emt 00:01:10]} Rd8 {[%clk 01:03:56] [%emt 00:00:04]}
17. Bxg5 {[%clk 00:37:19] [%emt 00:09:13]} Be7 {[%clk 01:02:33] [%emt 00:01:53]}
18. Bd2 {[%clk 00:36:32] [%emt 00:01:17]} Bd6 {[%clk 00:54:21] [%emt 00:08:41]}
19. Ba5 {[%clk 00:20:15] [%emt 00:16:47]} Ra8 {[%clk 00:41:41] [%emt 00:13:11]}
20. Nb5 {[%clk 00:16:09] [%emt 00:04:36]} Bxh2+ {[%clk 00:41:40] [%emt
00:00:30]} 21. Kxh2 {[%clk 00:16:35] [%emt 00:00:05]} Rxa5 {[%clk 00:42:06]
[%emt 00:00:05]} 22. Nd6+ {[%clk 00:15:55] [%emt 00:01:09]} Ke7 {[%clk 00:42:31]
[%emt 00:00:05]} 23. Rxf7+ {[%clk 00:16:10] [%emt 00:00:16]} Kxd6 {[%clk
00:42:57] [%emt 00:00:04]} 24. Rd1 {[%clk 00:16:36] [%emt 00:00:03]} Rxa2 {[%clk
00:41:45] [%emt 00:01:42]} 25. Rxd3+ {[%clk 00:17:02] [%emt 00:00:04]} Ke5
{[%clk 00:42:08] [%emt 00:00:08]} 26. Rxb7 {[%clk 00:17:09] [%emt 00:00:23]}
Kxe4 {[%clk 00:35:29] [%emt 00:07:09]} 27. Rd1 {[%clk 00:12:35] [%emt 00:05:03]}
Rf8 {[%clk 00:31:30] [%emt 00:04:29]} 28. Rbd7 {[%clk 00:10:30] [%emt 00:02:35]}
Rb8 {[%clk 00:27:27] [%emt 00:04:33]} 29. Re1+ {[%clk 00:09:29] [%emt 00:01:31]}
Kf5 {[%clk 00:27:51] [%emt 00:00:06]} 30. Rf7+ {[%clk 00:08:25] [%emt 00:01:34]}
Kg6 {[%clk 00:28:09] [%emt 00:00:12]} 31. Rf3 {[%clk 00:07:31] [%emt 00:01:25]}
Rb6 {[%clk 00:24:38] [%emt 00:04:01]} 32. Ref1 {[%clk 00:04:47] [%emt 00:03:13]}
Raxb2 {[%clk 00:22:05] [%emt 00:03:04]} 33. Rg3+ {[%clk 00:05:12] [%emt
00:00:05]} Kh5 {[%clk 00:22:26] [%emt 00:00:09]} 34. Rh3+ {[%clk 00:01:36] [%emt
00:04:06]} Kg6 {[%clk 00:22:50] [%emt 00:00:06]} 35. Rg3+ {[%clk 00:02:04] [%emt
00:00:02]} Kh5 {[%clk 00:23:16] [%emt 00:00:04]} 36. Rf4 {[%clk 00:01:06] [%emt
00:01:29]} R2b3 {[%clk 00:17:29] [%emt 00:06:17]} 37. Rg7 {[%clk 00:01:21] [%emt
00:00:15]} Rb7 {[%clk 00:17:39] [%emt 00:00:20]} 38. Rg8 {[%clk 00:00:51] [%emt
00:00:59]} Rb8 {[%clk 00:18:03] [%emt 00:00:06]} 39. Rg7 {[%clk 00:01:03] [%emt
00:00:17]} R8b7 {[%clk 00:18:24] [%emt 00:00:09]} 40. Rg8 {[%emt 00:00:27]}
1/2-1/2

[Site "Europe Echecs"]

[Event "Grand Swiss "]
[Date "2025.09.08"]
[White "Madaminov, Mukhiddin"]
[Black "Sargissian, Gabriel"]
[WhiteElo "2560"]
[BlackElo "2626"]
[Round "5.5.49"]
[Result "1/2-1/2"]

1. e4 {[%clk 01:40:40] [%emt 00:00:18]} e5 {[%clk 01:40:53] [%emt 00:00:08]} 2.
Nf3 {[%clk 01:41:00] [%emt 00:00:09]} Nc6 {[%clk 01:41:18] [%emt 00:00:06]} 3.
d4 {[%clk 01:41:00] [%emt 00:00:30]} exd4 {[%clk 01:41:17] [%emt 00:00:32]} 4.
Nxd4 {[%clk 01:40:40] [%emt 00:00:48]} Nf6 {[%clk 01:40:50] [%emt 00:00:58]} 5.
Nxc6 {[%clk 01:39:55] [%emt 00:01:15]} bxc6 {[%clk 01:40:41] [%emt 00:00:40]} 6.
e5 {[%clk 01:40:17] [%emt 00:00:07]} Qe7 {[%clk 01:39:54] [%emt 00:01:17]} 7.
Qe2 {[%clk 01:40:28] [%emt 00:00:19]} Nd5 {[%clk 01:40:10] [%emt 00:00:14]} 8.
c4 {[%clk 01:40:48] [%emt 00:00:09]} Ba6 {[%clk 01:39:38] [%emt 00:01:03]} 9. b3
{[%clk 01:41:10] [%emt 00:00:07]} g6 {[%clk 01:36:46] [%emt 00:03:23]} 10. Ba3
{[%clk 01:40:27] [%emt 00:01:13]} Nb4 {[%clk 01:35:12] [%emt 00:02:04]} 11. Bb2
{[%clk 01:39:14] [%emt 00:01:42]} Bg7 {[%clk 01:33:47] [%emt 00:01:56]} 12. a3
{[%clk 01:39:35] [%emt 00:00:09]} Nd5 {[%clk 01:32:48] [%emt 00:01:30]} 13. Nd2
{[%clk 01:39:54] [%emt 00:00:10]} O-O {[%clk 01:27:01] [%emt 00:06:18]} 14.
O-O-O {[%clk 01:40:10] [%emt 00:00:13]} Rfe8 {[%clk 01:18:11] [%emt 00:09:20]}
15. Re1 {[%clk 01:40:30] [%emt 00:00:09]} Nb6 {[%clk 01:09:48] [%emt 00:08:55]}
16. h4 {[%clk 01:40:08] [%emt 00:00:52]} d5 {[%clk 01:07:08] [%emt 00:03:09]}
17. h5 {[%clk 01:40:27] [%emt 00:00:11]} dxc4 {[%clk 00:55:01] [%emt 00:12:37]}
18. hxg6 {[%clk 01:40:02] [%emt 00:00:54]} hxg6 {[%clk 00:53:26] [%emt
00:02:06]} 19. Qg4 {[%clk 01:39:00] [%emt 00:01:32]} c3 {[%clk 00:43:16] [%emt
00:10:41]} 20. Bxc3 {[%clk 01:28:08] [%emt 00:11:22]} Bxf1 {[%clk 00:43:02]
[%emt 00:00:44]} 21. Rexf1 {[%clk 01:28:01] [%emt 00:00:36]} Nd5 {[%clk
00:31:25] [%emt 00:12:08]} 22. Bd4 {[%clk 01:19:33] [%emt 00:08:49]} Bxe5 {[%clk
00:30:27] [%emt 00:01:36]} 23. Nc4 {[%clk 01:19:03] [%emt 00:00:59]} Bxd4 {[%clk
00:27:55] [%emt 00:03:04]} 24. Qxd4 {[%clk 01:19:24] [%emt 00:00:07]} Qf6 {[%clk
00:27:55] [%emt 00:00:31]} 25. Rd1 {[%clk 01:16:19] [%emt 00:03:35]} Qxd4 {[%clk
00:22:18] [%emt 00:06:07]} 26. Rxd4 {[%clk 01:13:32] [%emt 00:03:12]} Re2 {[%clk
00:22:10] [%emt 00:00:42]} 27. Rd2 {[%clk 01:13:35] [%emt 00:00:26]} Rae8 {[%clk
00:22:21] [%emt 00:00:20]} 28. Rhd1 {[%clk 01:11:48] [%emt 00:02:18]} Nb6 {[%clk
00:19:34] [%emt 00:03:15]} 29. Ne3 {[%clk 01:04:49] [%emt 00:07:31]} Rxd2 {[%clk
00:19:44] [%emt 00:00:21]} 30. Rxd2 {[%clk 01:05:13] [%emt 00:00:06]} c5 {[%clk
00:18:20] [%emt 00:01:53]} 31. Rc2 {[%clk 01:02:28] [%emt 00:03:14]} Re5 {[%clk
00:18:34] [%emt 00:00:15]} 32. Kd2 {[%clk 01:01:35] [%emt 00:01:23]} Kf8 {[%clk
00:17:50] [%emt 00:01:16]} 33. f4 {[%clk 00:53:05] [%emt 00:08:59]} Rh5 {[%clk
00:17:47] [%emt 00:00:33]} 34. f5 {[%clk 00:53:06] [%emt 00:00:29]} c4 {[%clk
00:17:59] [%emt 00:00:19]} 35. fxg6 {[%clk 00:52:52] [%emt 00:00:44]} cxb3
{[%clk 00:17:52] [%emt 00:00:36]} 36. Rxc7 {[%clk 00:53:13] [%emt 00:00:09]}
fxg6 {[%clk 00:14:45] [%emt 00:03:37]} 37. Rxa7 {[%clk 00:53:25] [%emt
00:00:18]} Rb5 {[%clk 00:08:44] [%emt 00:06:26]} 38. Kc1 {[%clk 00:53:42] [%emt
00:00:17]} Re5 {[%clk 00:08:47] [%emt 00:00:27]} 39. Rb7 {[%clk 00:43:50] [%emt
00:10:23]} b2+ {[%clk 00:07:42] [%emt 00:01:35]} 40. Kc2 {[%clk 00:40:55] [%emt
00:03:25]} Na4 {[%clk 00:07:11] [%emt 00:01:01]} 41. Kd2 {[%clk 00:39:05] [%emt
00:02:19]} Rc5 {[%clk 00:39:19] [%emt 00:18:22]} 42. Rb4 {[%clk 01:25:06] [%emt
00:04:29]} 1/2-1/2

[Site "Europe Echecs"]

[Event "Grand Swiss "]
[Date "2025.09.08"]
[White "Anton Guijarro, David"]
[Black "Suyarov, Mukhammadzokhid"]
[WhiteElo "2625"]
[BlackElo "2482"]
[Round "5.5.50"]
[Result "1/2-1/2"]

1. d4 {[%clk 01:40:55] [%emt 00:00:04]} Nf6 {[%clk 01:40:39] [%emt 00:00:21]} 2.
c4 {[%emt 00:00:57]} c6 {[%emt 00:01:20]} 3. Nc3 {[%emt 00:00:11]} d5 {[%emt
00:00:33]} 4. Nf3 {[%emt 00:00:26]} e6 {[%emt 00:00:28]} 5. cxd5 {[%emt
00:00:20]} exd5 {[%emt 00:00:10]} 6. Bf4 {[%emt 00:07:36]} Qb6 {[%emt 00:09:27]}
7. Qc2 {[%clk 01:20:13] [%emt 00:04:51]} Be7 8. Rd1 {[%clk 01:05:36] [%emt
00:19:35]} Bg4 {[%clk 01:19:40]} 9. h3 {[%clk 01:05:36]} Bh5 {[%clk 01:22:24]}
10. e3 Bg6 {[%clk 01:22:24]} 11. Bd3 {[%clk 01:05:36]} Bxd3 {[%clk 01:22:24]}
12. Rxd3 {[%clk 01:05:36]} Nbd7 {[%clk 01:16:02] [%emt 00:29:23]} 13. O-O {[%clk
00:59:36]} O-O {[%clk 01:16:02]} 14. Na4 {[%clk 00:59:36]} Qa6 {[%clk 01:16:02]}
15. Rc1 {[%clk 00:59:36]} Rac8 {[%clk 01:16:02]} 16. Rdd1 {[%clk 00:59:36]} Rfe8
{[%clk 01:16:02]} 17. Nc3 {[%clk 00:59:36]} h6 {[%clk 01:16:02]} 18. Ne5 {[%clk
00:59:36]} Bf8 {[%clk 01:16:02]} 19. Qf5 {[%clk 00:59:36]} g6 {[%clk 01:16:02]}
20. Qc2 {[%clk 00:59:36]} Nxe5 {[%clk 00:53:00] [%emt 00:47:55]} 21. dxe5 {[%clk
00:40:45]} Nd7 {[%clk 00:53:00]} 22. e6 {[%clk 00:40:45]} Nf6 {[%clk 00:53:00]}
23. exf7+ {[%clk 00:40:45]} Kxf7 {[%clk 00:47:16] [%emt 00:13:08]} 24. a3 {[%clk
00:38:27]} Rcd8 {[%clk 00:47:16]} 25. Rd2 {[%clk 00:38:27]} Kg7 {[%clk
00:47:16]} 26. Rcd1 {[%clk 00:38:27]} Bd6 {[%clk 00:47:16]} 27. Bxd6 {[%clk
00:38:27]} Rxd6 {[%clk 00:33:49] [%emt 00:25:07]} 28. Rd4 {[%clk 00:31:01]} Rde6
{[%clk 00:33:49]} 29. Ne2 {[%clk 00:31:01]} Ne4 {[%clk 00:33:49]} 30. f3 {[%clk
00:31:01]} Nd6 {[%clk 00:33:49]} 31. e4 {[%clk 00:31:01]} Nf5 {[%clk 00:33:49]}
32. Rb4 {[%clk 00:31:01]} Kg8 {[%clk 00:33:49]} 33. Nf4 {[%clk 00:31:01]} Ne3
{[%clk 00:33:49]} 34. Qd2 {[%clk 00:31:01]} Nxd1 {[%clk 00:33:49]} 35. Nxe6
{[%clk 00:31:01]} Rxe6 {[%clk 00:33:49]} 36. Qxd1 {[%clk 00:31:01]} Rd6 {[%clk
00:33:49]} 37. Qd4 {[%clk 00:31:01]} b5 {[%clk 00:33:49]} 38. Qe5 {[%clk
00:31:01]} Qb6+ {[%clk 00:33:49]} 39. Kh2 {[%clk 00:31:01]} Qd8 {[%clk
00:33:49]} 40. exd5 {[%clk 00:31:01]} a5 {[%clk 00:33:49]} 41. Rg4 {[%clk
00:31:01]} cxd5 {[%clk 00:33:49]} 42. Rd4 {[%clk 00:31:01]} Kh7 {[%clk
00:33:49]} 43. f4 {[%clk 00:31:01]} Qd7 {[%clk 00:33:49]} 44. b3 {[%clk
00:31:01]} Kg8 {[%clk 00:33:49]} 45. Qe1 {[%clk 00:31:01]} Qd8 {[%clk 00:33:49]}
46. Qe2 {[%clk 00:31:01]} Qd7 {[%clk 00:33:49]} 47. Qd2 {[%clk 00:31:01]} Qd8
{[%clk 00:33:49]} 48. Qd3 {[%clk 00:31:01]} Qd7 {[%clk 00:33:49]} 49. Qc3 {[%clk
00:31:01]} Qa7 {[%clk 00:33:49]} 50. Qd2 {[%clk 00:31:01]} Qa8 {[%clk 00:33:49]}
51. Qd3 {[%clk 00:31:01]} Qc6 {[%clk 00:33:49]} 52. f5 {[%clk 00:31:01]} g5
{[%clk 00:33:49]} 53. Qg3 {[%clk 00:31:01]} Kf7 {[%clk 00:33:49]} 54. h4 {[%clk
00:31:01]} gxh4 {[%clk 00:33:49]} 55. Qxh4 {[%clk 00:31:01]} Qd7 {[%clk
00:33:49]} 56. Qh5+ {[%clk 00:31:01]} Kf8 {[%clk 00:33:49]} 57. Qf3 {[%clk
00:31:01]} Kg7 {[%clk 00:33:49]} 58. Qd3 {[%clk 00:24:12] [%emt 02:20:23]} Kf8
{[%emt 00:40:11]} 59. Qf3 {[%clk 00:05:15] [%emt 00:03:16]} Kf7 {[%clk 00:07:57]
[%emt 00:01:04]} 60. Kh3 {[%clk 00:05:39] [%emt 00:00:07]} Kf8 {[%emt 00:01:35]}
61. g4 {[%emt 00:03:53]} Kf7 {[%emt 00:03:03]} 62. Qd3 {[%emt 00:00:22]} Qc6
{[%emt 00:01:35]} 63. Qe3 {[%emt 00:02:12]} Qd7 {[%emt 00:04:08]} 64. Kg3 {[%emt
00:03:25]} Qc7 {[%emt 00:00:24]} 65. Qe5 {[%emt 00:02:39]} Qc6 {[%emt 00:02:52]}
66. Kh4 {[%emt 00:01:15]} Qd7 {[%emt 00:01:52]} 67. Kg3 {[%emt 00:00:47]} Qc6
{[%emt 00:03:37]} 68. Kh4 {[%emt 00:04:03]} Qd7 {[%clk 00:07:49] [%emt
00:00:09]} 69. Kg3 {[%emt 00:00:10]} 1/2-1/2

[Site "Europe Echecs"]